Normal view MARC view

Entry Personal Name

Number of records used in: 1

001 - CONTROL NUMBER

  • control field: 10002

003 - CONTROL NUMBER IDENTIFIER

  • control field: DLC

005 - DATE AND TIME OF LATEST TRANSACTION

  • control field: 20231204143215.0

008 - FIXED-LENGTH DATA ELEMENTS

  • fixed length control field: 850611n| azannaabn |a aaa

010 ## - LIBRARY OF CONGRESS CONTROL NUMBER

  • LC control number: n 85027385

024 7# - OTHER STANDARD IDENTIFIER

  • Standard number or code: 0000 0001 0928 7923
  • Source of number or code: isni

035 ## - SYSTEM CONTROL NUMBER

  • System control number: (OCoLC)oca01352427

040 ## - CATALOGING SOURCE

  • Original cataloging agency: DLC
  • Language of cataloging: eng
  • Transcribing agency: DLC
  • Description conventions: rda
  • Modifying agency: DLC
  • Modifying agency: OCoLC
  • Modifying agency: InU
  • Modifying agency: DLC
  • Modifying agency: MH

046 ## - SPECIAL CODED DATES

  • Birth date: 1956-09-07
  • Source of date scheme: edtf

100 1# - HEADING--PERSONAL NAME

  • Personal name: Bose, Sugata,
  • Dates associated with a name: 1956-

370 ## - ASSOCIATED PLACE

  • Place of birth: Kolkata, India
  • Other associated place: Cambridge (Mass.)

372 ## - FIELD OF ACTIVITY

  • Field of activity: South Asian history
  • Field of activity: Indian ocean history

373 ## - ASSOCIATED GROUP

  • Associated group: Harvard University. Department of History
  • Source of term: naf
  • Start period: 2001

373 ## - ASSOCIATED GROUP

  • Associated group: Tufts University. Department of History
  • Source of term: naf
  • End period: 2001

373 ## - ASSOCIATED GROUP

  • Associated group: Netaji Research Bureau
  • Source of term: naf

374 ## - OCCUPATION

  • Occupation: College teachers
  • Occupation: Historians
  • Source of term: lcsh

377 ## - ASSOCIATED LANGUAGE

  • Language code: eng

400 1# - SEE FROM TRACING--PERSONAL NAME

  • Personal name: Basu, Sugata,
  • Dates associated with a name: 1956-

670 ## - SOURCE DATA FOUND

  • Source citation: Agrarian Bengal, 1985:
  • Information found: CIP t.p. (Sugata Bose) galley (St. Catharine's College, Cambridge, U.K.)

670 ## - SOURCE DATA FOUND

  • Source citation: Sonar Bangla?, 1999:
  • Information found: CIP t.p. (Sugata Bose) data sheet (b. September 7, 1956)

670 ## - SOURCE DATA FOUND

  • Source citation: Purabi, 2007:
  • Information found: jacket (Gardiner Professor of History at Harvard; writes on social, economic and political history)

670 ## - SOURCE DATA FOUND

  • Source citation: Samagra racanābalī, 1980- :
  • Information found: v. 7, t.p. verso (Sugata Basu)

670 ## - SOURCE DATA FOUND

  • Source citation: Asia redux, 2013:
  • Information found: t.p. (Sugata Bose)

670 ## - SOURCE DATA FOUND

  • Source citation: Wikipedia, WWW site viewed on March 26, 2014:
  • Information found: (Sugata Bose, Indian historian, born on September 7, 1956 at Kolkata, India, B.A. from Presidency College, Kolkata, India, Ph.D. from University of Cambridge, field of study are South Asian and Indian Ocean-history, taught at Tufts University until 2001, currently held position of Gardiner Chair of Oceanic History and Affairs, Department of History, Harvard University since 2001, also associated with Netaji Research Bureau in Kolkata, India as director)
  • Uniform Resource Identifier: http://en.wikipedia.org/wiki/Sugata_Bose

Powered by Koha